Enfermedades del oído y accidentes de tráfico (Record no. 146219)
[ view plain ]
| 000 -LEADER | |
|---|---|
| campo de control de longitud fija | 00620nam a2200181 i 4500 |
| 001 - NÚMERO DE CONTROL | |
| campo de control | 146219 |
| 003 - IDENTIFICADOR DE NÚMERO DE CONTROL | |
| campo de control | ES-MaACL |
| 005 - FECHA Y HORA DE LA ÚLTIMA TRANSACCIÓN | |
| campo de control | 20230906201445.0 |
| 007 - CAMPO FIJO DE DESCRIPCIÓN FÍSICA--INFORMACIÓN GENERAL | |
| campo de control de longitud fija | t| |
| 008 - DATOS DE LONGITUD FIJA--INFORMACIÓN GENERAL | |
| campo de control de longitud fija | 070905s1972 sp ||||1| spa d |
| 100 1# - ENTRADA PRINCIPAL--NOMBRE DE PERSONA | |
| Nombre de persona | Traserra Parareda, José. |
| 9 (RLIN) | 111239 |
| 245 10 - MENCIÓN DEL TÍTULO | |
| Título | Enfermedades del oído y accidentes de tráfico |
| Resto del título | : coloquio / |
| Mención de responsabilidad, etc. | J. Traserra, M. Fairén. |
| 260 ## - PUBLICACIÓN, DISTRIBUCIÓN, ETC. | |
| Lugar de publicación, distribución, etc. | Zaragoza : |
| Nombre del editor, distribuidor, etc. | [Universidad. Cátedra de Otorrinolaringología], |
| Fecha de publicación, distribución, etc. | 1972. |
| 300 ## - DESCRIPCIÓN FÍSICA | |
| Extensión | 255 p. ; |
| Dimensiones | 24 cm. |
| 700 1# - ENTRADA AGREGADA--NOMBRE PERSONAL | |
| Nombre de persona | Fairén, M. |
| 9 (RLIN) | 48654 |
| 710 2# - ENTRADA AGREGADA--NOMBRE DE ENTIDAD CORPORATIVA | |
| Nombre de entidad corporativa o nombre de jurisdicción como elemento de entrada | Universidad. Cátedra de Otorrinolaringología. |
| 9 (RLIN) | 7077 |
| 852 ## - LOCALIZACIÓN | |
| Ubicación | ES-MaACL |
| Número de control de estantería | C-48893 |
| Sublocalización o colección | R.84317 |
| Estatus retirado | Estado de pérdida | Estado de daño | No para préstamo | Biblioteca de origen | Biblioteca actual | Ubicación en estantería | Fecha de adquisición | Fuente de adquisición | Total de préstamos | Signatura topográfica completa | Código de barras | Visto por última vez | Precio de reemplazo | Tipo de ítem Koha |
|---|---|---|---|---|---|---|---|---|---|---|---|---|---|---|
| Biblioteca del Ateneo de Madrid | Biblioteca del Ateneo de Madrid | Depósito 2 | 17/01/2008 | C-48893 | 1152615 | 23/02/2023 | 23/02/2023 | Libro impreso |
